000
00302nam a2200121Ia 4500
008
190216s9999||||xx |||||||||||||| ||und||
100
_a
Ajaykumar Shaji
245
0
_a
Bio Inorganic And Sapramatical Chemistry
260
_b
Himalaya Publishing House
300
_a
374
650
_a
Chemistry
942
_c
BK
999
_c
3235
_d
3235